[Event "AZE-ch Blitz"]
[Site "Baku"]
[Date "2022.12.05"]
[Round "5"]
[White "Manafov, Vugar Gulam"]
[Black "Suleymanli, Aydin Elshan"]
[Result "0-1"]
[WhiteElo "2359"]
[BlackElo "2543"]
[PlyCount "94"]
[EventDate "2022.12.05"]
[EventType "swiss (blitz)"]
[EventRounds "9"]
[EventCountry "AZE"]
[SourceTitle "CBM 211 Extra"]
[Source "ChessBase"]
[SourceDate "2023.01.31"]
[SourceVersion "1"]
[SourceVersionDate "2023.01.31"]
[SourceQuality "1"]

1. d4 d5 2. Nf3 Bf5 3. Bf4 e6 4. e3 Nf6 5. Nbd2 Bd6 6. Ne5 Nfd7 7. Ndf3 0-0 8. Bd3 Nxe5 9. dxe5 Bb4+ 10. c3 Bxd3 11. Qxd3 Be7 12. h4 Nd7 13. Ng5 g6 14. 0-0-0 Nc5 15. Qc2 Kg7 16. Rh3 h6 17. Nf3 Qe8 18. Nd4 Qa4 19. Qxa4 Nxa4 20. f3 a6 21. h5 g5 22. Bh2 c5 23. Ne2 Kh7 24. g4 b5 25. f4 gxf4 26. exf4 Rg8 27. Rg1 Rg7 28. Rhg3 a5 29. f5 Bg5+ 30. Kc2 b4 31. Rf1 Rb8 32. Rgf3 bxc3 33. b3 d4 34. fxe6 fxe6 35. Rf7 Nb6 36. Rxg7+ Kxg7 37. Nf4 Re8 38. Nd3 Nd5 39. Bg1 Nb4+ 40. Nxb4 axb4 41. Kd3 Ra8 42. Rf2 Be3 43. Rg2 Bxg1 44. Rxg1 Rxa2 45. g5 Rd2+ 46. Ke4 hxg5 47. Rxg5+ Kh7 0-1

[Event "AZE-ch Rapid"]
[Site "Baku"]
[Date "2022.12.03"]
[Round "6"]
[White "Manafov, Vugar Gulam"]
[Black "Suleymanli, Aydin Elshan"]
[Result "1/2-1/2"]
[WhiteElo "2359"]
[BlackElo "2543"]
[PlyCount "115"]
[EventDate "2022.12.02"]
[EventType "swiss (rapid)"]
[EventRounds "9"]
[EventCountry "AZE"]
[SourceTitle "CBM 211 Extra"]
[Source "ChessBase"]
[SourceDate "2023.01.31"]
[SourceVersion "1"]
[SourceVersionDate "2023.01.31"]
[SourceQuality "1"]

1. d4 Nf6 2. Nf3 e6 3. Bf4 b6 4. e3 Bb7 5. h3 c5 6. c3 Nc6 7. Nbd2 d5 8. Ne5 Nxe5 9. Bxe5 Nd7 10. Bh2 Be7 11. Bd3 0-0 12. 0-0 Bf6 13. Qe2 g6 14. Rad1 e5 15. dxe5 Nxe5 16. Ba6 Bc6 17. Bb5 Qe8 18. Bxc6 Nxc6 19. Nf3 Qe6 20. Rd2 Rfe8 21. Qb5 Rad8 22. Rfd1 Kg7 23. Bf4 h6 24. a4 g5 25. Bg3 h5 26. a5 Nxa5 27. Rxd5 a6 28. Qa4 b5 29. Qa2 Rxd5 30. Rxd5 Rd8 31. e4 Qxe4 32. Rxd8 Bxd8 33. b4 cxb4 34. cxb4 Qxb4 35. Qa1+ Kg8 36. Be5 Nc4 37. Bh8 Qf8 38. Bf6 Qd6 39. Bxd8 Qxd8 40. Qxa6 Qd1+ 41. Kh2 Qd6+ 42. Qxd6 Nxd6 43. Nxg5 b4 44. Nf3 Ne4 45. Nd4 Nxf2 46. Kg3 Nd3 47. Kh4 Kg7 48. Kxh5 Nf4+ 49. Kg4 Nxg2 50. Kf3 Nh4+ 51. Ke4 Kf6 52. Kd3 Nf5 53. Nc6 b3 54. Kc3 Kg5 55. Kxb3 Kf4 56. Kc4 Ke4 57. Kc3 Ng3 58. Ne7 1/2-1/2

[Event "Abu Dhabi Masters 28th"]
[Site "Abu Dhabi"]
[Date "2022.08.22"]
[Round "6"]
[White "Manafov, Vugar Gulam"]
[Black "Siddharth, Jagadeesh"]
[Result "1/2-1/2"]
[WhiteElo "2330"]
[BlackElo "2426"]
[PlyCount "110"]
[EventDate "2022.08.17"]
[EventType "swiss"]
[EventRounds "9"]
[EventCountry "UAE"]
[SourceTitle "CBM 209 Extra"]
[Source "ChessBase"]
[SourceDate "2022.09.30"]
[SourceVersion "1"]
[SourceVersionDate "2022.09.30"]
[SourceQuality "1"]

1. d4 Nf6 2. c4 e6 3. Nf3 d5 4. g3 Bd6 5. Bg2 0-0 6. cxd5 exd5 7. Nc3 c6 8. Bf4 Bf5 9. 0-0 Bxf4 10. gxf4 Ne4 11. Qb3 Qb6 12. Nh4 Nd6 13. Nxf5 Nxf5 14. e3 Qxb3 15. axb3 Na6 16. Rfc1 Nd6 17. Bf1 Nc7 18. Bd3 g6 19. Kf1 a6 20. Ke2 Rae8 21. Rg1 Ne6 22. Kd2 Ng7 23. Rg5 f6 24. Rg2 Kf7 25. Ne2 Ngf5 26. Bxf5 Nxf5 27. Kd3 Rg8 28. Rag1 h6 29. Rg4 g5 30. h3 Nd6 31. Kd2 Ne4+ 32. Ke1 a5 33. fxg5 hxg5 34. Ng3 Rh8 35. Nxe4 Rxe4 36. Rxe4 dxe4 37. Rg3 Ke6 38. f3 exf3 39. Rxf3 f5 40. Rg3 Kf6 41. Ke2 f4 42. Rf3 Kf5 43. Kd3 Re8 44. Ke2 Ke4 45. exf4 gxf4 46. h4 Kxd4+ 47. Kf2 Ke4 48. h5 Rh8 49. Rh3 Rh6 50. Ke2 Kf5 51. Kf3 Re6 52. h6 Re3+ 53. Kg2 Re2+ 54. Kf3 Re3+ 55. Kg2 Re2+ 1/2-1/2

[Event "Abu Dhabi Masters 28th"]
[Site "Abu Dhabi"]
[Date "2022.08.18"]
[Round "3"]
[White "Shyam, Nikil P"]
[Black "Manafov, Vugar Gulam"]
[Result "1-0"]
[WhiteElo "2465"]
[BlackElo "2330"]
[PlyCount "79"]
[EventDate "2022.08.17"]
[EventType "swiss"]
[EventRounds "9"]
[EventCountry "UAE"]
[SourceTitle "CBM 209 Extra"]
[Source "ChessBase"]
[SourceDate "2022.09.30"]
[SourceVersion "1"]
[SourceVersionDate "2022.09.30"]
[SourceQuality "1"]

1. g3 d5 2. Nf3 c6 3. Bg2 Bg4 4. 0-0 Nd7 5. d4 Ngf6 6. Nbd2 g6 7. h3 Bxf3 8. exf3 Bg7 9. Re1 0-0 10. Nf1 Re8 11. f4 e6 12. c3 Rc8 13. g4 c5 14. dxc5 Nxc5 15. Ng3 b5 16. Be3 Nfd7 17. Qe2 a6 18. Rad1 Nb6 19. f5 Nc4 20. fxe6 fxe6 21. Bc1 Qf6 22. f4 b4 23. g5 Qf8 24. b3 Nd6 25. cxb4 Nce4 26. Nxe4 Nxe4 27. Bxe4 dxe4 28. Qxe4 e5 29. Bb2 a5 30. Rd7 Kh8 31. fxe5 axb4 32. Rf1 Qc5+ 33. Bd4 Qb5 34. Rff7 Rf8 35. Rb7 Qa5 36. Rxg7 Rc1+ 37. Kh2 Qxa2+ 38. Qg2 Rh1+ 39. Kxh1 Qb1+ 40. Kh2 1-0